000 00646nam a22002177a 4500
999 _c8873
_d8873
001 8873
003 BD-JhCC
005 20180305115218.0
008 180305b1977 bg ||||| |||| 00| 0 ben d
035 _a(BD-JhCC)8873
040 _aBD-JhCC
_dBD-JhCC
041 _aben
082 _a923
_bSHA 1977
100 _aশাহজাহান, সেলিনা
245 _aছোটদের মাইকেল ফ্যারাডে /
_c সেলিনা শাহজাহান
260 _aঢাকাঃ
_bমুক্তধারা
_c1977.
300 _a26 p. :
_c22 cm.
650 _aBiography
942 _2ddc
_cBK